Statystyki dla Szybka Matematyka - Dodanie

Kliknij tutaj aby rozwiązać quiz!

Ogólne statystyki

  • Ten quiz został rozwiązany 5 476 razy
  • Średni wynik to 16 z 20

Statystyki odpowiedzi

problemodpowiedź% Poprawnych
13 + 87100
100%
24 + 77101
100%
6 + 95101
100%
5 + 96101
100%
16 + 85101
100%
8 + 94102
100%
5 + 97102
100%
11 + 91102
100%
10 + 93103
100%
3 + 100103
100%
1 + 102103
100%
20 + 83103
100%
4 + 100104
100%
3 + 101104
100%
8 + 97105
100%
33 + 72105
100%
12 + 93105
100%
1 + 105106
100%
11 + 96107
100%
4 + 103107
100%
46 + 62108
100%
28 + 80108
100%
53 + 55108
100%
20 + 88108
100%
32 + 77109
100%
31 + 78109
100%
39 + 70109
100%
5 + 104109
100%
4 + 711
100%
3 + 811
100%
22 + 88110
100%
9 + 101110
100%
5 + 105110
100%
2 + 109111
100%
8 + 104112
100%
17 + 95112
100%
46 + 67113
100%
4 + 110114
100%
27 + 88115
100%
11 + 105116
100%
58 + 58116
100%
4 + 113117
100%
7 + 110117
100%
15 + 103118
100%
2 + 116118
100%
10 + 108118
100%
7 + 112119
100%
14 + 105119
100%
40 + 79119
100%
21 + 98119
100%
9 + 110119
100%
7 + 113120
100%
3 + 117120
100%
33 + 87120
100%
31 + 90121
100%
18 + 103121
100%
6 + 115121
100%
16 + 105121
100%
1 + 120121
100%
25 + 97122
100%
54 + 68122
100%
2 + 120122
100%
19 + 103122
100%
3 + 119122
100%
8 + 115123
100%
3 + 120123
100%
20 + 104124
100%
5 + 119124
100%
12 + 112124
100%
25 + 99124
100%
4 + 120124
100%
35 + 91126
100%
2 + 124126
100%
4 + 123127
100%
7 + 120127
100%
38 + 89127
100%
34 + 94128
100%
7 + 122129
100%
23 + 106129
100%
29 + 100129
100%
36 + 94130
100%
1 + 129130
100%
28 + 102130
100%
42 + 88130
100%
9 + 122131
100%
24 + 107131
100%
3 + 128131
100%
4 + 127131
100%
11 + 120131
100%
2 + 129131
100%
2 + 130132
100%
64 + 68132
100%
21 + 111132
100%
4 + 128132
100%
10 + 123133
100%
54 + 79133
100%
48 + 85133
100%
14 + 119133
100%
17 + 117134
100%
45 + 89134
100%
43 + 92135
100%
9 + 126135
100%
2 + 134136
100%
5 + 131136
100%
15 + 121136
100%
21 + 115136
100%
59 + 78137
100%
3 + 134137
100%
16 + 121137
100%
26 + 111137
100%
4 + 133137
100%
6 + 131137
100%
32 + 105137
100%
5 + 133138
100%
6 + 132138
100%
7 + 132139
100%
19 + 120139
100%
1 + 138139
100%
1 + 1314
100%
7 + 714
100%
18 + 122140
100%
4 + 136140
100%
19 + 122141
100%
4 + 138142
100%
31 + 111142
100%
9 + 133142
100%
65 + 78143
100%
47 + 96143
100%
70 + 74144
100%
2 + 142144
100%
18 + 126144
100%
13 + 132145
100%
33 + 112145
100%
1 + 145146
100%
8 + 138146
100%
14 + 133147
100%
25 + 122147
100%
7 + 141148
100%
49 + 99148
100%
29 + 119148
100%
6 + 142148
100%
7 + 142149
100%
8 + 141149
100%
16 + 133149
100%
5 + 1015
100%
9 + 141150
100%
5 + 145150
100%
39 + 111150
100%
20 + 130150
100%
3 + 147150
100%
28 + 123151
100%
64 + 87151
100%
5 + 147152
100%
10 + 142152
100%
11 + 141152
100%
44 + 108152
100%
38 + 115153
100%
31 + 123154
100%
2 + 152154
100%
8 + 146154
100%
27 + 127154
100%
30 + 125155
100%
41 + 114155
100%
45 + 110155
100%
3 + 153156
100%
16 + 140156
100%
35 + 121156
100%
5 + 151156
100%
17 + 140157
100%
13 + 144157
100%
40 + 118158
100%
11 + 147158
100%
8 + 150158
100%
20 + 138158
100%
12 + 146158
100%
1 + 157158
100%
30 + 129159
100%
3 + 156159
100%
4 + 155159
100%
26 + 133159
100%
7 + 152159
100%
2 + 1416
100%
3 + 157160
100%
2 + 158160
100%
60 + 100160
100%
19 + 141160
100%
51 + 110161
100%
2 + 159161
100%
16 + 146162
100%
52 + 110162
100%
9 + 154163
100%
7 + 156163
100%
63 + 100163
100%
5 + 159164
100%
55 + 109164
100%
42 + 122164
100%
8 + 156164
100%
58 + 107165
100%
3 + 162165
100%
11 + 154165
100%
16 + 150166
100%
9 + 157166
100%
30 + 136166
100%
66 + 100166
100%
10 + 156166
100%
1 + 166167
100%
53 + 114167
100%
4 + 163167
100%
19 + 148167
100%
23 + 145168
100%
6 + 162168
100%
30 + 138168
100%
13 + 155168
100%
9 + 160169
100%
78 + 91169
100%
10 + 160170
100%
4 + 166170
100%
6 + 164170
100%
33 + 137170
100%
5 + 166171
100%
22 + 149171
100%
8 + 164172
100%
1 + 171172
100%
7 + 165172
100%
4 + 169173
100%
72 + 101173
100%
25 + 149174
100%
7 + 167174
100%
66 + 108174
100%
26 + 148174
100%
63 + 112175
100%
15 + 160175
100%
12 + 163175
100%
3 + 173176
100%
8 + 168176
100%
3 + 174177
100%
11 + 167178
100%
2 + 176178
100%
35 + 143178
100%
6 + 172178
100%
20 + 158178
100%
39 + 140179
100%
6 + 173179
100%
4 + 175179
100%
72 + 108180
100%
11 + 169180
100%
1 + 179180
100%
46 + 134180
100%
5 + 176181
100%
51 + 130181
100%
34 + 147181
100%
10 + 172182
100%
1 + 181182
100%
48 + 135183
100%
6 + 177183
100%
33 + 150183
100%
8 + 176184
100%
19 + 165184
100%
16 + 169185
100%
4 + 182186
100%
85 + 101186
100%
49 + 137186
100%
3 + 183186
100%
58 + 129187
100%
15 + 172187
100%
30 + 157187
100%
53 + 134187
100%
21 + 166187
100%
7 + 181188
100%
2 + 186188
100%
37 + 151188
100%
6 + 182188
100%
10 + 179189
100%
5 + 184189
100%
16 + 173189
100%
31 + 158189
100%
1 + 1819
100%
1 + 189190
100%
18 + 172190
100%
39 + 151190
100%
15 + 176191
100%
38 + 154192
100%
84 + 109193
100%
47 + 146193
100%
28 + 165193
100%
10 + 183193
100%
4 + 189193
100%
4 + 190194
100%
59 + 135194
100%
5 + 190195
100%
61 + 134195
100%
71 + 124195
100%
32 + 164196
100%
40 + 156196
100%
55 + 141196
100%
13 + 183196
100%
1 + 195196
100%
26 + 171197
100%
23 + 174197
100%
3 + 194197
100%
34 + 163197
100%
2 + 196198
100%
97 + 102199
100%
83 + 116199
100%
4 + 1620
100%
6 + 1420
100%
5 + 1520
100%
22 + 178200
100%
28 + 172200
100%
62 + 138200
100%
17 + 183200
100%
1 + 200201
100%
9 + 192201
100%
34 + 167201
100%
16 + 185201
100%
15 + 186201
100%
3 + 198201
100%
14 + 187201
100%
13 + 188201
100%
75 + 126201
100%
25 + 177202
100%
33 + 169202
100%
80 + 123203
100%
8 + 195203
100%
6 + 197203
100%
5 + 198203
100%
51 + 152203
100%
24 + 181205
100%
68 + 137205
100%
3 + 202205
100%
27 + 178205
100%
19 + 186205
100%
2 + 203205
100%
9 + 196205
100%
7 + 198205
100%
60 + 145205
100%
66 + 139205
100%
55 + 151206
100%
31 + 175206
100%
12 + 195207
100%
19 + 188207
100%
29 + 178207
100%
6 + 201207
100%
30 + 177207
100%
6 + 202208
100%
17 + 191208
100%
18 + 190208
100%
77 + 131208
100%
5 + 203208
100%
20 + 188208
100%
3 + 205208
100%
4 + 205209
100%
22 + 187209
100%
52 + 157209
100%
4 + 1721
100%
36 + 174210
100%
84 + 126210
100%
6 + 205211
100%
10 + 201211
100%
50 + 162212
100%
2 + 211213
100%
7 + 206213
100%
49 + 165214
100%
9 + 205214
100%
20 + 195215
100%
35 + 180215
100%
15 + 200215
100%
42 + 173215
100%
7 + 209216
100%
45 + 171216
100%
10 + 207217
100%
48 + 170218
100%
19 + 199218
100%
3 + 215218
100%
18 + 200218
100%
47 + 172219
100%
58 + 161219
100%
11 + 1122
100%
4 + 1822
100%
2 + 2022
100%
5 + 1722
100%
62 + 158220
100%
1 + 220221
100%
34 + 187221
100%
41 + 181222
100%
7 + 215222
100%
9 + 213222
100%
23 + 200223
100%
24 + 199223
100%
9 + 214223
100%
26 + 197223
100%
2 + 221223
100%
50 + 174224
100%
25 + 200225
100%
6 + 219225
100%
3 + 222225
100%
4 + 221225
100%
27 + 199226
100%
41 + 186227
100%
31 + 196227
100%
20 + 207227
100%
17 + 210227
100%
7 + 221228
100%
28 + 200228
100%
23 + 205228
100%
50 + 178228
100%
5 + 223228
100%
16 + 213229
100%
93 + 136229
100%
15 + 214229
100%
21 + 208229
100%
6 + 1723
100%
3 + 2023
100%
1 + 229230
100%
8 + 222230
100%
92 + 138230
100%
27 + 203230
100%
79 + 151230
100%
18 + 212230
100%
11 + 219230
100%
5 + 226231
100%
1 + 230231
100%
34 + 197231
100%
33 + 198231
100%
17 + 214231
100%
14 + 218232
100%
78 + 155233
100%
9 + 224233
100%
3 + 230233
100%
1 + 232233
100%
23 + 210233
100%
32 + 202234
100%
31 + 203234
100%
9 + 226235
100%
23 + 212235
100%
30 + 205235
100%
41 + 194235
100%
28 + 207235
100%
22 + 213235
100%
40 + 195235
100%
12 + 224236
100%
84 + 152236
100%
107 + 130237
100%
8 + 229237
100%
6 + 231237
100%
19 + 218237
100%
9 + 229238
100%
13 + 225238
100%
1 + 237238
100%
2 + 236238
100%
87 + 152239
100%
75 + 164239
100%
7 + 1724
100%
85 + 155240
100%
24 + 217241
100%
36 + 205241
100%
76 + 166242
100%
13 + 229242
100%
10 + 232242
100%
7 + 235242
100%
2 + 240242
100%
8 + 235243
100%
56 + 187243
100%
7 + 236243
100%
9 + 234243
100%
5 + 238243
100%
2 + 241243
100%
23 + 221244
100%
88 + 156244
100%
107 + 137244
100%
11 + 234245
100%
106 + 139245
100%
13 + 232245
100%
14 + 231245
100%
46 + 200246
100%
56 + 190246
100%
18 + 229247
100%
39 + 208247
100%
2 + 245247
100%
20 + 227247
100%
22 + 225247
100%
45 + 203248
100%
19 + 229248
100%
2 + 246248
100%
3 + 245248
100%
5 + 243248
100%
4 + 244248
100%
15 + 234249
100%
55 + 194249
100%
77 + 172249
100%
16 + 233249
100%
9 + 1625
100%
35 + 215250
100%
112 + 138250
100%
33 + 217250
100%
19 + 232251
100%
8 + 243251
100%
68 + 183251
100%
11 + 241252
100%
35 + 217252
100%
17 + 235252
100%
2 + 251253
100%
28 + 225253
100%
8 + 246254
100%
100 + 155255
100%
10 + 245255
100%
1 + 254255
100%
5 + 251256
100%
8 + 248256
100%
36 + 220256
100%
4 + 252256
100%
6 + 250256
100%
2 + 254256
100%
33 + 223256
100%
1 + 256257
100%
50 + 207257
100%
8 + 249257
100%
48 + 210258
100%
25 + 233258
100%
55 + 203258
100%
15 + 243258
100%
29 + 229258
100%
3 + 255258
100%
66 + 193259
100%
4 + 255259
100%
83 + 176259
100%
8 + 1826
100%
11 + 1526
100%
3 + 2326
100%
125 + 135260
100%
9 + 252261
100%
6 + 255261
100%
5 + 256261
100%
52 + 209261
100%
4 + 257261
100%
85 + 177262
100%
57 + 205262
100%
39 + 224263
100%
8 + 256264
100%
7 + 257264
100%
10 + 254264
100%
17 + 248265
100%
120 + 146266
100%
13 + 253266
100%
38 + 228266
100%
3 + 263266
100%
69 + 197266
100%
2 + 265267
100%
36 + 231267
100%
1 + 266267
100%
88 + 179267
100%
46 + 221267
100%
15 + 253268
100%
72 + 196268
100%
12 + 257269
100%
95 + 174269
100%
24 + 245269
100%
6 + 263269
100%
37 + 233270
100%
60 + 210270
100%
3 + 267270
100%
5 + 265270
100%
26 + 244270
100%
74 + 196270
100%
24 + 246270
100%
17 + 253270
100%
36 + 235271
100%
9 + 263272
100%
4 + 268272
100%
8 + 264272
100%
38 + 235273
100%
21 + 252273
100%
6 + 267273
100%
31 + 242273
100%
23 + 250273
100%
28 + 246274
100%
1 + 273274
100%
58 + 216274
100%
30 + 244274
100%
2 + 272274
100%
34 + 241275
100%
33 + 242275
100%
51 + 224275
100%
50 + 225275
100%
109 + 167276
100%
3 + 273276
100%
7 + 269276
100%
69 + 207276
100%
27 + 250277
100%
10 + 267277
100%
25 + 252277
100%
4 + 273277
100%
6 + 271277
100%
5 + 272277
100%
1 + 276277
100%
33 + 244277
100%
2 + 276278
100%
36 + 242278
100%
49 + 229278
100%
11 + 267278
100%
21 + 257278
100%
47 + 231278
100%
96 + 183279
100%
3 + 277280
100%
97 + 183280
100%
4 + 276280
100%
29 + 251280
100%
5 + 275280
100%
28 + 252280
100%
62 + 218280
100%
80 + 200280
100%
32 + 249281
100%
19 + 262281
100%
13 + 268281
100%
17 + 264281
100%
16 + 266282
100%
15 + 267282
100%
12 + 270282
100%
101 + 181282
100%
40 + 243283
100%
97 + 186283
100%
8 + 275283
100%
121 + 162283
100%
44 + 240284
100%
6 + 278284
100%
25 + 259284
100%
41 + 243284
100%
82 + 202284
100%
31 + 255286
100%
7 + 279286
100%
78 + 208286
100%
89 + 198287
100%
64 + 223287
100%
8 + 279287
100%
60 + 228288
100%
34 + 254288
100%
14 + 274288
100%
7 + 281288
100%
5 + 283288
100%
4 + 285289
100%
81 + 208289
100%
6 + 283289
100%
59 + 230289
100%
27 + 262289
100%
1 + 2829
100%
11 + 1829
100%
65 + 225290
100%
52 + 239291
100%
1 + 290291
100%
55 + 236291
100%
4 + 287291
100%
4 + 288292
100%
40 + 252292
100%
37 + 255292
100%
5 + 288293
100%
10 + 283293
100%
74 + 219293
100%
110 + 183293
100%
11 + 282293
100%
9 + 284293
100%
142 + 151293
100%
34 + 260294
100%
102 + 192294
100%
14 + 280294
100%
35 + 259294
100%
8 + 287295
100%
63 + 232295
100%
108 + 187295
100%
78 + 218296
100%
60 + 236296
100%
57 + 240297
100%
122 + 175297
100%
39 + 258297
100%
3 + 294297
100%
33 + 264297
100%
19 + 278297
100%
116 + 182298
100%
11 + 287298
100%
6 + 292298
100%
75 + 224299
100%
2 + 297299
100%
17 + 283300
100%
9 + 291300
100%
52 + 248300
100%
24 + 276300
100%
7 + 293300
100%
4 + 296300
100%
52 + 249301
100%
4 + 297301
100%
9 + 292301
100%
46 + 255301
100%
47 + 254301
100%
12 + 290302
100%
76 + 226302
100%
61 + 242303
100%
3 + 300303
100%
5 + 298303
100%
8 + 296304
100%
1 + 303304
100%
128 + 176304
100%
56 + 248304
100%
2 + 302304
100%
15 + 290305
100%
83 + 223306
100%
2 + 304306
100%
29 + 277306
100%
86 + 220306
100%
6 + 300306
100%
21 + 285306
100%
93 + 213306
100%
18 + 288306
100%
103 + 204307
100%
14 + 293307
100%
61 + 246307
100%
26 + 282308
100%
126 + 182308
100%
28 + 281309
100%
91 + 218309
100%
7 + 302309
100%
12 + 297309
100%
4 + 2731
100%
6 + 2531
100%
3 + 2831
100%
94 + 216310
100%
30 + 280310
100%
1 + 309310
100%
31 + 279310
100%
57 + 253310
100%
7 + 303310
100%
9 + 301310
100%
10 + 301311
100%
5 + 306311
100%
3 + 308311
100%
11 + 301312
100%
4 + 308312
100%
16 + 296312
100%
3 + 309312
100%
54 + 258312
100%
38 + 274312
100%
23 + 290313
100%
50 + 263313
100%
55 + 258313
100%
37 + 277314
100%
8 + 306314
100%
2 + 312314
100%
7 + 307314
100%
11 + 303314
100%
3 + 311314
100%
13 + 302315
100%
11 + 304315
100%
4 + 311315
100%
5 + 311316
100%
33 + 283316
100%
1 + 315316
100%
6 + 311317
100%
27 + 290317
100%
117 + 200317
100%
15 + 303318
100%
20 + 298318
100%
28 + 290318
100%
2 + 316318
100%
3 + 316319
100%
14 + 305319
100%
3 + 2932
100%
87 + 233320
100%
11 + 309320
100%
154 + 167321
100%
18 + 303321
100%
101 + 221322
100%
7 + 315322
100%
5 + 317322
100%
151 + 171322
100%
2 + 320322
100%
8 + 314322
100%
9 + 313322
100%
27 + 295322
100%
1 + 321322
100%
6 + 317323
100%
3 + 321324
100%
19 + 305324
100%
45 + 280325
100%
4 + 321325
100%
1 + 324325
100%
1 + 325326
100%
14 + 312326
100%
27 + 299326
100%
34 + 292326
100%
2 + 324326
100%
6 + 321327
100%
42 + 285327
100%
25 + 302327
100%
4 + 323327
100%
45 + 283328
100%
24 + 304328
100%
1 + 327328
100%
10 + 318328
100%
13 + 316329
100%
78 + 251329
100%
7 + 2633
100%
9 + 2433
100%
2 + 3133
100%
113 + 217330
100%
129 + 201330
100%
9 + 321330
100%
28 + 302330
100%
5 + 325330
100%
7 + 323330
100%
31 + 299330
100%
16 + 314330
100%
2 + 329331
100%
9 + 322331
100%
65 + 266331
100%
20 + 311331
100%
160 + 172332
100%
17 + 315332
100%
4 + 328332
100%
63 + 270333
100%
23 + 310333
100%
4 + 330334
100%
3 + 331334
100%
35 + 299334
100%
5 + 330335
100%
13 + 323336
100%
21 + 315336
100%
38 + 298336
100%
14 + 322336
100%
10 + 327337
100%
52 + 285337
100%
4 + 333337
100%
20 + 317337
100%
59 + 279338
100%
1 + 337338
100%
9 + 330339
100%
40 + 299339
100%
134 + 205339
100%
12 + 327339
100%
140 + 199339
100%
28 + 311339
100%
37 + 302339
100%
83 + 256339
100%
5 + 2934
100%
39 + 301340
100%
33 + 307340
100%
45 + 295340
100%
11 + 329340
100%
111 + 229340
100%
3 + 338341
100%
7 + 335342
100%
77 + 265342
100%
17 + 325342
100%
8 + 334342
100%
14 + 328342
100%
112 + 231343
100%
44 + 299343
100%
145 + 199344
100%
4 + 341345
100%
115 + 230345
100%
133 + 212345
100%
117 + 228345
100%
63 + 282345
100%
6 + 339345
100%
1 + 345346
100%
6 + 340346
100%
48 + 298346
100%
86 + 260346
100%
18 + 328346
100%
69 + 277346
100%
9 + 337346
100%
3 + 345348
100%
53 + 295348
100%
29 + 319348
100%
110 + 238348
100%
91 + 257348
100%
1 + 348349
100%
9 + 340349
100%
4 + 3135
100%
7 + 2835
100%
9 + 2635
100%
98 + 252350
100%
16 + 334350
100%
2 + 349351
100%
122 + 229351
100%
39 + 313352
100%
50 + 302352
100%
4 + 348352
100%
28 + 324352
100%
51 + 301352
100%
1 + 351352
100%
13 + 340353
100%
150 + 203353
100%
64 + 290354
100%
97 + 257354
100%
5 + 350355
100%
10 + 346356
100%
15 + 341356
100%
11 + 345356
100%
24 + 332356
100%
16 + 341357
100%
33 + 324357
100%
37 + 321358
100%
6 + 352358
100%
7 + 351358
100%
21 + 337358
100%
9 + 350359
100%
31 + 328359
100%
148 + 212360
100%
41 + 319360
100%
106 + 254360
100%
8 + 352360
100%
5 + 355360
100%
11 + 349360
100%
6 + 354360
100%
43 + 318361
100%
10 + 352362
100%
134 + 228362
100%
21 + 341362
100%
132 + 230362
100%
92 + 270362
100%
105 + 257362
100%
60 + 302362
100%
7 + 355362
100%
23 + 340363
100%
4 + 360364
100%
6 + 358364
100%
132 + 232364
100%
54 + 310364
100%
40 + 325365
100%
20 + 345365
100%
19 + 346365
100%
17 + 348365
100%
22 + 344366
100%
12 + 354366
100%
6 + 360366
100%
38 + 328366
100%
8 + 358366
100%
3 + 364367
100%
37 + 330367
100%
41 + 326367
100%
11 + 356367
100%
5 + 362367
100%
154 + 214368
100%
8 + 360368
100%
2 + 366368
100%
124 + 245369
100%
49 + 320369
100%
6 + 363369
100%
10 + 359369
100%
8 + 2937
100%
1 + 3637
100%
47 + 323370
100%
55 + 315370
100%
9 + 361370
100%
3 + 367370
100%
30 + 341371
100%
31 + 340371
100%
69 + 302371
100%
1 + 370371
100%
7 + 364371
100%
9 + 362371
100%
101 + 270371
100%
5 + 366371
100%
53 + 318371
100%
18 + 354372
100%
60 + 312372
100%
11 + 361372
100%
96 + 276372
100%
4 + 368372
100%
124 + 248372
100%
7 + 366373
100%
15 + 358373
100%
155 + 218373
100%
25 + 348373
100%
59 + 314373
100%
2 + 372374
100%
45 + 329374
100%
97 + 277374
100%
24 + 350374
100%
104 + 271375
100%
45 + 330375
100%
133 + 243376
100%
28 + 348376
100%
42 + 334376
100%
126 + 250376
100%
7 + 370377
100%
174 + 203377
100%
8 + 369377
100%
38 + 339377
100%
43 + 334377
100%
125 + 252377
100%
2 + 375377
100%
14 + 364378
100%
11 + 367378
100%
2 + 376378
100%
8 + 370378
100%
10 + 369379
100%
74 + 305379
100%
15 + 364379
100%
5 + 374379
100%
35 + 344379
100%
3 + 376379
100%
28 + 352380
100%
114 + 266380
100%
1 + 379380
100%
4 + 377381
100%
128 + 254382
100%
1 + 381382
100%
21 + 361382
100%
13 + 369382
100%
5 + 377382
100%
108 + 275383
100%
8 + 375383
100%
36 + 347383
100%
27 + 356383
100%
69 + 314383
100%
8 + 376384
100%
2 + 382384
100%
5 + 379384
100%
6 + 379385
100%
12 + 373385
100%
113 + 272385
100%
9 + 376385
100%
109 + 277386
100%
140 + 246386
100%
5 + 382387
100%
143 + 244387
100%
38 + 349387
100%
2 + 385387
100%
31 + 357388
100%
30 + 358388
100%
7 + 381388
100%
5 + 383388
100%
6 + 382388
100%
20 + 368388
100%
3 + 385388
100%
8 + 381389
100%
1 + 388389
100%
67 + 322389
100%
102 + 288390
100%
23 + 367390
100%
74 + 316390
100%
84 + 307391
100%
34 + 357391
100%
20 + 371391
100%
4 + 387391
100%
3 + 388391
100%
44 + 348392
100%
40 + 352392
100%
19 + 373392
100%
130 + 262392
100%
5 + 388393
100%
13 + 380393
100%
62 + 331393
100%
78 + 315393
100%
7 + 387394
100%
11 + 383394
100%
17 + 378395
100%
92 + 303395
100%
185 + 210395
100%
56 + 339395
100%
2 + 394396
100%
9 + 388397
100%
107 + 290397
100%
58 + 339397
100%
138 + 260398
100%
51 + 347398
100%
111 + 287398
100%
47 + 351398
100%
58 + 340398
100%
10 + 388398
100%
6 + 392398
100%
8 + 390398
100%
9 + 390399
100%
41 + 358399
100%
139 + 260399
100%
5 + 3540
100%
10 + 3040
100%
3 + 3740
100%
31 + 369400
100%
80 + 320400
100%
104 + 296400
100%
3 + 397400
100%
13 + 388401
100%
18 + 383401
100%
19 + 382401
100%
159 + 243402
100%
83 + 319402
100%
39 + 363402
100%
9 + 393402
100%
16 + 387403
100%
28 + 375403
100%
7 + 396403
100%
18 + 385403
100%
6 + 397403
100%
4 + 399403
100%
175 + 229404
100%
118 + 286404
100%
10 + 394404
100%
29 + 375404
100%
10 + 395405
100%
35 + 370405
100%
12 + 393405
100%
16 + 389405
100%
23 + 382405
100%
13 + 393406
100%
124 + 282406
100%
137 + 269406
100%
5 + 401406
100%
54 + 353407
100%
120 + 287407
100%
9 + 398407
100%
3 + 404407
100%
22 + 385407
100%
11 + 396407
100%
8 + 400408
100%
3 + 405408
100%
9 + 399408
100%
15 + 393408
100%
18 + 390408
100%
158 + 250408
100%
93 + 316409
100%
60 + 349409
100%
33 + 376409
100%
179 + 230409
100%
6 + 3541
100%
24 + 386410
100%
3 + 407410
100%
53 + 357410
100%
1 + 409410
100%
75 + 335410
100%
125 + 285410
100%
27 + 384411
100%
77 + 334411
100%
6 + 406412
100%
7 + 405412
100%
25 + 388413
100%
32 + 381413
100%
80 + 334414
100%
6 + 408414
100%
2 + 412414
100%
8 + 406414
100%
5 + 409414
100%
66 + 348414
100%
49 + 365414
100%
90 + 325415
100%
3 + 412415
100%
7 + 408415
100%
1 + 414415
100%
9 + 407416
100%
79 + 337416
100%
12 + 405417
100%
15 + 402417
100%
4 + 413417
100%
16 + 402418
100%
18 + 400418
100%
105 + 313418
100%
2 + 417419
100%
9 + 410419
100%
89 + 330419
100%
7 + 412419
100%
5 + 3742
100%
11 + 3142
100%
9 + 3342
100%
30 + 390420
100%
2 + 418420
100%
6 + 414420
100%
8 + 412420
100%
5 + 415420
100%
15 + 405420
100%
26 + 395421
100%
20 + 401421
100%
2 + 419421
100%
60 + 363423
100%
10 + 413423
100%
5 + 418423
100%
59 + 365424
100%
7 + 417424
100%
12 + 413425
100%
1 + 424425
100%
16 + 409425
100%
83 + 342425
100%
24 + 402426
100%
18 + 408426
100%
11 + 415426
100%
109 + 317426
100%
38 + 389427
100%
3 + 424427
100%
48 + 379427
100%
85 + 342427
100%
4 + 423427
100%
16 + 411427
100%
6 + 421427
100%
45 + 383428
100%
62 + 366428
100%
127 + 302429
100%
204 + 225429
100%
38 + 391429
100%
29 + 400429
100%
34 + 395429
100%
2 + 4143
100%
4 + 3943
100%
12 + 3143
100%
198 + 232430
100%
55 + 375430
100%
8 + 422430
100%
47 + 383430
100%
43 + 388431
100%
2 + 429431
100%
6 + 425431
100%
84 + 348432
100%
67 + 365432
100%
27 + 405432
100%
19 + 414433
100%
134 + 299433
100%
8 + 425433
100%
7 + 426433
100%
21 + 413434
100%
8 + 426434
100%
117 + 317434
100%
74 + 360434
100%
16 + 419435
100%
40 + 395435
100%
6 + 430436
100%
21 + 415436
100%
140 + 296436
100%
7 + 430437
100%
21 + 416437
100%
97 + 340437
100%
8 + 430438
100%
205 + 233438
100%
32 + 406438
100%
122 + 317439
100%
157 + 282439
100%
16 + 423439
100%
61 + 378439
100%
14 + 425439
100%
5 + 434439
100%
3 + 436439
100%
3 + 4144
100%
67 + 373440
100%
31 + 409440
100%
1 + 439440
100%
153 + 287440
100%
10 + 431441
100%
9 + 432441
100%
40 + 401441
100%
2 + 439441
100%
106 + 335441
100%
33 + 409442
100%
135 + 308443
100%
4 + 439443
100%
13 + 430443
100%
209 + 234443
100%
15 + 429444
100%
8 + 436444
100%
27 + 417444
100%
26 + 418444
100%
35 + 409444
100%
142 + 302444
100%
22 + 423445
100%
9 + 436445
100%
75 + 370445
100%
46 + 400446
100%
36 + 410446
100%
180 + 266446
100%
7 + 440447
100%
3 + 444447
100%
14 + 434448
100%
96 + 352448
100%
90 + 358448
100%
9 + 439448
100%
1 + 447448
100%
33 + 415448
100%
11 + 439450
100%
88 + 362450
100%
182 + 268450
100%
152 + 298450
100%
12 + 439451
100%
4 + 447451
100%
169 + 282451
100%
7 + 445452
100%
19 + 433452
100%
13 + 440453
100%
16 + 437453
100%
29 + 424453
100%
64 + 389453
100%
8 + 445453
100%
6 + 447453
100%
31 + 423454
100%
51 + 403454
100%
9 + 445454
100%
5 + 450455
100%
9 + 446455
100%
24 + 431455
100%
3 + 452455
100%
13 + 443456
100%
57 + 399456
100%
15 + 441456
100%
28 + 428456
100%
7 + 449456
100%
6 + 451457
100%
4 + 453457
100%
21 + 436457
100%
1 + 456457
100%
37 + 420457
100%
4 + 454458
100%
70 + 388458
100%
30 + 428458
100%
17 + 441458
100%
121 + 337458
100%
53 + 405458
100%
202 + 257459
100%
7 + 452459
100%
128 + 331459
100%
1 + 4546
100%
2 + 4446
100%
11 + 3546
100%
8 + 3846
100%
13 + 3346
100%
4 + 4246
100%
14 + 3246
100%
20 + 441461
100%
115 + 346461
100%
78 + 383461
100%
13 + 448461
100%
6 + 455461
100%
2 + 459461
100%
50 + 412462
100%
34 + 428462
100%
136 + 326462
100%
5 + 457462
100%
131 + 332463
100%
3 + 460463
100%
44 + 419463
100%
20 + 443463
100%
97 + 366463
100%
52 + 411463
100%
101 + 363464
100%
8 + 456464
100%
197 + 268465
100%
124 + 341465
100%
11 + 454465
100%
9 + 457466
100%
138 + 328466
100%
58 + 408466
100%
129 + 337466
100%
22 + 444466
100%
160 + 306466
100%
23 + 443466
100%
46 + 421467
100%
7 + 460467
100%
28 + 439467
100%
214 + 253467
100%
47 + 421468
100%
16 + 452468
100%
26 + 442468
100%
98 + 370468
100%
29 + 439468
100%
2 + 466468
100%
14 + 454468
100%
104 + 365469
100%
5 + 464469
100%
19 + 450469
100%
50 + 419469
100%
18 + 2947
100%
228 + 242470
100%
76 + 395471
100%
6 + 465471
100%
31 + 440471
100%
59 + 412471
100%
85 + 387472
100%
5 + 467472
100%
69 + 404473
100%
23 + 450473
100%
102 + 371473
100%
67 + 406473
100%
65 + 408473
100%
3 + 470473
100%
27 + 447474
100%
37 + 437474
100%
36 + 438474
100%
178 + 296474
100%
5 + 470475
100%
1 + 475476
100%
16 + 460476
100%
9 + 467476
100%
170 + 307477
100%
7 + 470477
100%
201 + 276477
100%
18 + 459477
100%
13 + 465478
100%
77 + 401478
100%
19 + 459478
100%
6 + 472478
100%
2 + 476478
100%
9 + 470479
100%
144 + 335479
100%
175 + 304479
100%
3 + 4548
100%
7 + 4148
100%
2 + 4648
100%
10 + 3848
100%
5 + 475480
100%
7 + 473480
100%
36 + 444480
100%
11 + 469480
100%
47 + 433480
100%
8 + 472480
100%
44 + 437481
100%
29 + 452481
100%
121 + 361482
100%
67 + 415482
100%
3 + 479482
100%
101 + 382483
100%
54 + 429483
100%
75 + 408483
100%
11 + 474485
100%
4 + 481485
100%
42 + 443485
100%
219 + 266485
100%
12 + 473485
100%
36 + 449485
100%
59 + 426485
100%
143 + 342485
100%
2 + 483485
100%
4 + 482486
100%
1 + 485486
100%
13 + 473486
100%
95 + 391486
100%
9 + 478487
100%
169 + 318487
100%
3 + 484487
100%
20 + 468488
100%
40 + 448488
100%
45 + 443488
100%
57 + 432489
100%
9 + 480489
100%
79 + 410489
100%
23 + 466489
100%
39 + 450489
100%
17 + 472489
100%
103 + 386489
100%
5 + 485490
100%
6 + 484490
100%
8 + 483491
100%
34 + 457491
100%
12 + 480492
100%
20 + 472492
100%
43 + 449492
100%
1 + 491492
100%
16 + 476492
100%
190 + 303493
100%
20 + 473493
100%
174 + 319493
100%
26 + 468494
100%
171 + 323494
100%
3 + 491494
100%
8 + 486494
100%
84 + 411495
100%
7 + 488495
100%
105 + 391496
100%
13 + 483496
100%
30 + 466496
100%
41 + 455496
100%
4 + 492496
100%
6 + 490496
100%
34 + 463497
100%
177 + 320497
100%
8 + 489497
100%
36 + 461497
100%
5 + 492497
100%
15 + 483498
100%
2 + 496498
100%
11 + 487498
100%
9 + 489498
100%
22 + 476498
100%
104 + 395499
100%
1 + 498499
100%
14 + 485499
100%
17 + 3350
100%
9 + 4150
100%
20 + 480500
100%
27 + 473500
100%
38 + 462500
100%
7 + 493500
100%
46 + 454500
100%
10 + 491501
100%
72 + 429501
100%
114 + 387501
100%
19 + 482501
100%
55 + 446501
100%
51 + 451502
100%
3 + 499502
100%
12 + 491503
100%
15 + 488503
100%
90 + 413503
100%
24 + 480504
100%
3 + 501504
100%
19 + 485504
100%
2 + 502504
100%
52 + 452504
100%
4 + 501505
100%
21 + 484505
100%
6 + 499505
100%
103 + 402505
100%
39 + 467506
100%
5 + 501506
100%
106 + 400506
100%
13 + 493506
100%
68 + 438506
100%
48 + 459507
100%
1 + 506507
100%
18 + 490508
100%
10 + 499509
100%
177 + 332509
100%
108 + 401509
100%
70 + 439509
100%
26 + 483509
100%
8 + 501509
100%
4 + 506510
100%
7 + 503510
100%
167 + 343510
100%
92 + 419511
100%
3 + 508511
100%
7 + 504511
100%
72 + 439511
100%
113 + 399512
100%
19 + 493512
100%
2 + 511513
100%
142 + 371513
100%
50 + 464514
100%
40 + 474514
100%
112 + 402514
100%
1 + 513514
100%
109 + 406515
100%
6 + 509515
100%
135 + 381516
100%
50 + 466516
100%
100 + 416516
100%
104 + 412516
100%
26 + 490516
100%
11 + 506517
100%
8 + 509517
100%
35 + 482517
100%
36 + 482518
100%
9 + 509518
100%
4 + 514518
100%
17 + 501518
100%
3 + 515518
100%
2 + 517519
100%
14 + 505519
100%
32 + 487519
100%
9 + 4352
100%
11 + 4152
100%
18 + 3452
100%
30 + 490520
100%
25 + 495520
100%
21 + 499520
100%
80 + 440520
100%
217 + 303520
100%
11 + 509520
100%
7 + 514521
100%
13 + 508521
100%
15 + 507522
100%
12 + 510522
100%
181 + 342523
100%
10 + 513523
100%
105 + 419524
100%
16 + 508524
100%
1 + 523524
100%
2 + 523525
100%
62 + 463525
100%
65 + 460525
100%
44 + 481525
100%
60 + 465525
100%
217 + 308525
100%
8 + 517525
100%
85 + 441526
100%
138 + 388526
100%
51 + 475526
100%
34 + 492526
100%
5 + 522527
100%
4 + 523527
100%
8 + 519527
100%
46 + 481527
100%
18 + 509527
100%
70 + 457527
100%
13 + 515528
100%
5 + 523528
100%
6 + 522528
100%
1 + 527528
100%
2 + 527529
100%
7 + 522529
100%
27 + 502529
100%
3 + 526529
100%
244 + 285529
100%
2 + 5153
100%
6 + 4753
100%
8 + 4553
100%
45 + 485530
100%
32 + 498530
100%
81 + 449530
100%
27 + 504531
100%
1 + 530531
100%
10 + 521531
100%
60 + 471531
100%
32 + 500532
100%
249 + 284533
100%
4 + 529533
100%
33 + 500533
100%
74 + 459533
100%
5 + 528533
100%
28 + 505533
100%
184 + 350534
100%
125 + 409534
100%
1 + 533534
100%
66 + 468534
100%
151 + 384535
100%
20 + 515535
100%
222 + 313535
100%
67 + 468535
100%
50 + 486536
100%
8 + 528536
100%
51 + 485536
100%
9 + 527536
100%
55 + 481536
100%
23 + 513536
100%
13 + 524537
100%
93 + 444537
100%
15 + 522537
100%
8 + 529537
100%
6 + 531537
100%
1 + 536537
100%
120 + 417537
100%
231 + 306537
100%
1 + 537538
100%
6 + 532538
100%
3 + 535538
100%
118 + 420538
100%
29 + 510539
100%
23 + 516539
100%
149 + 390539
100%
7 + 532539
100%
14 + 525539
100%
26 + 513539
100%
258 + 281539
100%
10 + 4454
100%
5 + 4954
100%
170 + 370540
100%
4 + 536540
100%
9 + 531540
100%
163 + 377540
100%
43 + 497540
100%
11 + 529540
100%
19 + 521540
100%
1 + 539540
100%
12 + 528540
100%
91 + 449540
100%
73 + 468541
100%
3 + 538541
100%
2 + 539541
100%
8 + 533541
100%
48 + 495543
100%
8 + 535543
100%
128 + 416544
100%
144 + 400544
100%
30 + 514544
100%
150 + 394544
100%
203 + 342545
100%
2 + 543545
100%
28 + 517545
100%
85 + 460545
100%
41 + 505546
100%
21 + 525546
100%
24 + 522546
100%
22 + 524546
100%
3 + 544547
100%
5 + 542547
100%
7 + 540547
100%
35 + 512547
100%
36 + 511547
100%
27 + 521548
100%
1 + 547548
100%
9 + 539548
100%
6 + 542548
100%
234 + 315549
100%
20 + 529549
100%
19 + 530549
100%
29 + 520549
100%
1 + 5455
100%
3 + 5255
100%
14 + 4155
100%
4 + 546550
100%
107 + 444551
100%
5 + 546551
100%
61 + 490551
100%
29 + 522551
100%
10 + 541551
100%
177 + 374551
100%
271 + 281552
100%
139 + 413552
100%
5 + 548553
100%
42 + 511553
100%
145 + 408553
100%
8 + 545553
100%
145 + 409554
100%
248 + 306554
100%
205 + 349554
100%
18 + 536554
100%
7 + 547554
100%
3 + 552555
100%
47 + 508555
100%
15 + 540555
100%
78 + 477555
100%
14 + 541555
100%
48 + 507555
100%
2 + 553555
100%
4 + 552556
100%
201 + 355556
100%
71 + 486557
100%
25 + 532557
100%
115 + 442557
100%
9 + 548557
100%
57 + 500557
100%
14 + 543557
100%
11 + 547558
100%
95 + 463558
100%
230 + 328558
100%
4 + 555559
100%
28 + 531559
100%
2 + 557559
100%
59 + 500559
100%
26 + 533559
100%
56 + 503559
100%
7 + 4956
100%
4 + 5256
100%
36 + 524560
100%
5 + 555560
100%
117 + 443560
100%
227 + 333560
100%
121 + 440561
100%
32 + 529561
100%
13 + 548561
100%
16 + 545561
100%
40 + 522562
100%
9 + 553562
100%
25 + 538563
100%
1 + 562563
100%
144 + 420564
100%
55 + 509564
100%
8 + 556564
100%
59 + 505564
100%
7 + 558565
100%
220 + 345565
100%
6 + 559565
100%
104 + 461565
100%
30 + 535565
100%
76 + 489565
100%
10 + 555565
100%
42 + 523565
100%
3 + 562565
100%
12 + 554566
100%
54 + 512566
100%
45 + 521566
100%
15 + 551566
100%
198 + 368566
100%
2 + 564566
100%
2 + 565567
100%
23 + 544567
100%
17 + 550567
100%
88 + 480568
100%
207 + 361568
100%
211 + 357568
100%
35 + 533568
100%
4 + 564568
100%
22 + 546568
100%
8 + 561569
100%
84 + 485569
100%
5 + 564569
100%
9 + 4857
100%
8 + 562570
100%
46 + 524570
100%
215 + 355570
100%
35 + 535570
100%
1 + 570571
100%
113 + 458571
100%
3 + 568571
100%
144 + 427571
100%
156 + 415571
100%
19 + 553572
100%
52 + 520572
100%
10 + 562572
100%
83 + 489572
100%
64 + 509573
100%
243 + 330573
100%
4 + 569573
100%
3 + 570573
100%
77 + 497574
100%
43 + 531574
100%
7 + 567574
100%
4 + 570574
100%
8 + 567575
100%
4 + 571575
100%
167 + 409576
100%
11 + 565576
100%
73 + 503576
100%
3 + 573576
100%
2 + 575577
100%
6 + 571577
100%
30 + 548578
100%
172 + 406578
100%
34 + 544578
100%
39 + 539578
100%
21 + 557578
100%
57 + 522579
100%
269 + 310579
100%
20 + 559579
100%
7 + 572579
100%
4 + 5458
100%
1 + 579580
100%
23 + 557580
100%
8 + 572580
100%
160 + 420580
100%
24 + 556580
100%
16 + 564580
100%
9 + 571580
100%
2 + 579581
100%
237 + 344581
100%
242 + 339581
100%
89 + 492581
100%
22 + 559581
100%
162 + 420582
100%
221 + 361582
100%
4 + 578582
100%
31 + 551582
100%
1 + 582583
100%
260 + 323583
100%
25 + 558583
100%
17 + 566583
100%
7 + 576583
100%
71 + 512583
100%
3 + 580583
100%
166 + 418584
100%
58 + 526584
100%
60 + 524584
100%
8 + 576584
100%
203 + 382585
100%
1 + 584585
100%
8 + 577585
100%
16 + 569585
100%
5 + 580585
100%
6 + 579585
100%
11 + 574585
100%
136 + 450586
100%
32 + 554586
100%
43 + 543586
100%
67 + 519586
100%
20 + 567587
100%
3 + 585588
100%
270 + 318588
100%
2 + 587589
100%
1 + 588589
100%
50 + 539589
100%
37 + 552589
100%
14 + 575589
100%
8 + 581589
100%
125 + 464589
100%
2 + 5759
100%
14 + 4559
100%
8 + 5159
100%
101 + 489590
100%
2 + 589591
100%
28 + 563591
100%
130 + 462592
100%
110 + 483593
100%
47 + 547594
100%
3 + 591594
100%
51 + 543594
100%
8 + 586594
100%
14 + 581595
100%
41 + 554595
100%
155 + 441596
100%
87 + 509596
100%
3 + 593596
100%
63 + 533596
100%
11 + 585596
100%
99 + 497596
100%
8 + 589597
100%
9 + 589598
100%
6 + 592598
100%
33 + 565598
100%
248 + 351599
100%
102 + 497599
100%
1 + 598599
100%
14 + 585599
100%
18 + 4260
100%
19 + 4160
100%
16 + 4460
100%
3 + 5760
100%
23 + 3861
100%
2 + 5961
100%
13 + 4861
100%
12 + 5062
100%
21 + 4263
100%
8 + 5563
100%
7 + 5663
100%
7 + 5764
100%
21 + 4364
100%
26 + 3864
100%
4 + 6165
100%
9 + 5665
100%
14 + 5165
100%
25 + 4166
100%
7 + 5966
100%
12 + 5466
100%
20 + 4767
100%
6 + 6167
100%
2 + 6668
100%
1 + 6768
100%
6 + 6268
100%
10 + 5969
100%
34 + 3569
100%
16 + 5369
100%
26 + 4369
100%
1 + 67
100%
3 + 6770
100%
14 + 5670
100%
32 + 4072
100%
7 + 6572
100%
4 + 6872
100%
16 + 5672
100%
8 + 6573
100%
13 + 6073
100%
5 + 6974
100%
12 + 6274
100%
6 + 6874
100%
8 + 6674
100%
9 + 6574
100%
19 + 5675
100%
3 + 7275
100%
8 + 6775
100%
2 + 7375
100%
35 + 4277
100%
28 + 5078
100%
15 + 6378
100%
3 + 7578
100%
7 + 7279
100%
14 + 6579
100%
5 + 7479
100%
2 + 68
100%
19 + 6180
100%
5 + 7580
100%
1 + 7980
100%
9 + 7281
100%
2 + 8082
100%
11 + 7283
100%
8 + 7583
100%
29 + 5483
100%
18 + 6583
100%
16 + 6884
100%
23 + 6184
100%
6 + 7884
100%
11 + 7586
100%
3 + 8386
100%
32 + 5486
100%
19 + 6786
100%
1 + 8687
100%
4 + 8387
100%
8 + 7987
100%
12 + 7688
100%
3 + 8588
100%
9 + 8089
100%
5 + 8489
100%
31 + 5889
100%
10 + 7989
100%
1 + 89
100%
1 + 8990
100%
26 + 6490
100%
6 + 8490
100%
11 + 7990
100%
18 + 7391
100%
7 + 8491
100%
8 + 8492
100%
6 + 8692
100%
34 + 5892
100%
40 + 5393
100%
2 + 9193
100%
13 + 8093
100%
17 + 7693
100%
3 + 9093
100%
22 + 7193
100%
5 + 8994
100%
7 + 8794
100%
4 + 9094
100%
1 + 9394
100%
36 + 5894
100%
25 + 7095
100%
30 + 6595
100%
14 + 8195
100%
8 + 8795
100%
14 + 8296
100%
1 + 9697
100%
9 + 8897
100%
2 + 9597
100%
10 + 8797
100%
3 + 9598
100%
14 + 8599
100%
3 + 9699
100%
40 + 5999
100%
11 + 138149
90%
34 + 228262
90%
41 + 69110
89%
46 + 95141
89%
19 + 210229
89%
57 + 196253
89%
7 + 247254
89%
65 + 210275
89%
8 + 2230
89%
17 + 299316
89%
6 + 342348
89%
1 + 360361
89%
89 + 380469
89%
26 + 472498
89%
21 + 7192
89%
19 + 102121
88%
8 + 131139
88%
17 + 169186
88%
18 + 170188
88%
50 + 167217
88%
11 + 220231
88%
107 + 251358
88%
14 + 348362
88%
7 + 3340
88%
97 + 321418
88%
134 + 296430
88%
5 + 427432
88%
8 + 454462
88%
64 + 403467
88%
8 + 4048
88%
63 + 464527
88%
8 + 521529
88%
33 + 502535
88%
3 + 551554
88%
22 + 4870
88%
42 + 4385
88%
37 + 73110
86%
16 + 141157
86%
35 + 129164
86%
7 + 178185
86%
77 + 110187
86%
69 + 134203
86%
3 + 237240
86%
83 + 178261
86%
2 + 262264
86%
4 + 267271
86%
9 + 276285
86%
12 + 275287
86%
6 + 308314
86%
96 + 221317
86%
4 + 335339
86%
30 + 314344
86%
129 + 217346
86%
7 + 341348
86%
29 + 326355
86%
2 + 354356
86%
4 + 390394
86%
91 + 307398
86%
155 + 243398
86%
94 + 313407
86%
103 + 314417
86%
6 + 454460
86%
9 + 453462
86%
80 + 385465
86%
110 + 357467
86%
41 + 438479
86%
32 + 457489
86%
1 + 489490
86%
17 + 474491
86%
75 + 423498
86%
16 + 494510
86%
9 + 508517
86%
6 + 513519
86%
5 + 532537
86%
16 + 526542
86%
44 + 508552
86%
87 + 471558
86%
27 + 541568
86%
21 + 551572
86%
53 + 541594
86%
2 + 594596
86%
22 + 5577
86%
17 + 6784
86%
7 + 96103
83%
27 + 77104
83%
9 + 98107
83%
1 + 128129
83%
27 + 108135
83%
8 + 128136
83%
40 + 98138
83%
7 + 137144
83%
8 + 140148
83%
5 + 144149
83%
9 + 146155
83%
62 + 95157
83%
31 + 128159
83%
18 + 143161
83%
65 + 97162
83%
17 + 154171
83%
18 + 154172
83%
58 + 122180
83%
9 + 174183
83%
24 + 163187
83%
6 + 192198
83%
4 + 198202
83%
8 + 201209
83%
55 + 160215
83%
26 + 199225
83%
10 + 217227
83%
4 + 224228
83%
8 + 230238
83%
109 + 132241
83%
17 + 229246
83%
38 + 219257
83%
43 + 216259
83%
42 + 225267
83%
7 + 260267
83%
85 + 183268
83%
61 + 209270
83%
14 + 266280
83%
92 + 205297
83%
23 + 294317
83%
151 + 167318
83%
84 + 242326
83%
12 + 317329
83%
1 + 333334
83%
51 + 284335
83%
85 + 258343
83%
8 + 337345
83%
8 + 345353
83%
34 + 323357
83%
18 + 340358
83%
79 + 287366
83%
43 + 324367
83%
83 + 290373
83%
6 + 370376
83%
30 + 349379
83%
152 + 254406
83%
1 + 407408
83%
36 + 376412
83%
6 + 409415
83%
1 + 415416
83%
14 + 404418
83%
9 + 416425
83%
19 + 411430
83%
28 + 409437
83%
3 + 434437
83%
153 + 285438
83%
1 + 446447
83%
30 + 418448
83%
15 + 439454
83%
25 + 435460
83%
59 + 404463
83%
5 + 458463
83%
149 + 317466
83%
42 + 426468
83%
103 + 366469
83%
1 + 469470
83%
95 + 382477
83%
73 + 406479
83%
47 + 439486
83%
69 + 430499
83%
32 + 468500
83%
18 + 486504
83%
150 + 354504
83%
8 + 498506
83%
25 + 482507
83%
54 + 454508
83%
3 + 507510
83%
25 + 487512
83%
22 + 497519
83%
19 + 3352
83%
193 + 333526
83%
31 + 497528
83%
19 + 513532
83%
159 + 373532
83%
2 + 531533
83%
88 + 453541
83%
24 + 518542
83%
227 + 325552
83%
103 + 449552
83%
248 + 319567
83%
62 + 510572
83%
258 + 320578
83%
230 + 355585
83%
5 + 587592
83%
20 + 579599
83%
24 + 3862
83%
17 + 5168
83%
4 + 7478
83%
1 + 8182
83%
7 + 7784
83%
21 + 6990
83%
15 + 85100
80%
19 + 82101
80%
51 + 54105
80%
28 + 84112
80%
2 + 113115
80%
1 + 114115
80%
12 + 103115
80%
17 + 107124
80%
19 + 105124
80%
6 + 121127
80%
13 + 115128
80%
5 + 128133
80%
14 + 122136
80%
7 + 131138
80%
7 + 135142
80%
32 + 119151
80%
15 + 141156
80%
50 + 106156
80%
6 + 152158
80%
44 + 116160
80%
2 + 166168
80%
67 + 107174
80%
14 + 167181
80%
3 + 181184
80%
32 + 158190
80%
8 + 186194
80%
45 + 155200
80%
46 + 154200
80%
7 + 195202
80%
64 + 139203
80%
63 + 146209
80%
9 + 200209
80%
11 + 207218
80%
43 + 176219
80%
23 + 196219
80%
1 + 218219
80%
9 + 1322
80%
8 + 214222
80%
8 + 219227
80%
2 + 226228
80%
38 + 193231
80%
29 + 203232
80%
6 + 228234
80%
63 + 177240
80%
101 + 141242
80%
15 + 241256
80%
51 + 209260
80%
35 + 227262
80%
11 + 252263
80%
27 + 241268
80%
5 + 2227
80%
114 + 170284
80%
1 + 286287
80%
2 + 289291
80%
22 + 273295
80%
44 + 254298
80%
71 + 229300
80%
2 + 300302
80%
118 + 186304
80%
19 + 287306
80%
5 + 308313
80%
18 + 299317
80%
66 + 251317
80%
82 + 239321
80%
58 + 264322
80%
99 + 232331
80%
54 + 285339
80%
54 + 286340
80%
1 + 342343
80%
88 + 256344
80%
107 + 240347
80%
16 + 338354
80%
93 + 269362
80%
4 + 358362
80%
2 + 362364
80%
87 + 279366
80%
48 + 342390
80%
37 + 357394
80%
48 + 347395
80%
25 + 372397
80%
16 + 395411
80%
58 + 358416
80%
29 + 387416
80%
13 + 403416
80%
115 + 302417
80%
10 + 3242
80%
16 + 405421
80%
22 + 404426
80%
6 + 423429
80%
4 + 431435
80%
15 + 423438
80%
121 + 320441
80%
8 + 435443
80%
6 + 438444
80%
134 + 318452
80%
14 + 441455
80%
23 + 434457
80%
83 + 384467
80%
8 + 462470
80%
66 + 410476
80%
60 + 418478
80%
4 + 474478
80%
226 + 253479
80%
21 + 459480
80%
183 + 298481
80%
51 + 432483
80%
71 + 418489
80%
102 + 388490
80%
25 + 478503
80%
37 + 470507
80%
17 + 493510
80%
31 + 479510
80%
33 + 477510
80%
20 + 498518
80%
114 + 408522
80%
5 + 519524
80%
3 + 525528
80%
25 + 509534
80%
17 + 517534
80%
72 + 472544
80%
210 + 335545
80%
174 + 375549
80%
17 + 532549
80%
4 + 545549
80%
6 + 549555
80%
7 + 549556
80%
157 + 401558
80%
25 + 533558
80%
272 + 288560
80%
53 + 508561
80%
19 + 547566
80%
27 + 540567
80%
271 + 297568
80%
24 + 545569
80%
1 + 569570
80%
149 + 422571
80%
7 + 565572
80%
229 + 344573
80%
9 + 565574
80%
7 + 568575
80%
109 + 469578
80%
143 + 437580
80%
111 + 472583
80%
100 + 485585
80%
42 + 548590
80%
153 + 438591
80%
63 + 528591
80%
70 + 523593
80%
79 + 514593
80%
19 + 574593
80%
78 + 517595
80%
235 + 362597
80%
32 + 567599
80%
8 + 5462
80%
18 + 5977
80%
70 + 371441
78%
170 + 385555
78%
2 + 105107
75%
6 + 102108
75%
7 + 104111
75%
3 + 110113
75%
7 + 106113
75%
2 + 115117
75%
43 + 79122
75%
9 + 115124
75%
30 + 99129
75%
61 + 78139
75%
12 + 132144
75%
41 + 104145
75%
15 + 135150
75%
4 + 148152
75%
36 + 117153
75%
21 + 133154
75%
39 + 116155
75%
24 + 136160
75%
50 + 110160
75%
75 + 89164
75%
28 + 138166
75%
3 + 168171
75%
7 + 169176
75%
20 + 157177
75%
9 + 173182
75%
54 + 129183
75%
1 + 183184
75%
27 + 157184
75%
56 + 142198
75%
71 + 130201
75%
4 + 202206
75%
11 + 196207
75%
2 + 207209
75%
49 + 162211
75%
8 + 207215
75%
58 + 159217
75%
13 + 207220
75%
6 + 215221
75%
80 + 155235
75%
37 + 199236
75%
70 + 168238
75%
6 + 234240
75%
25 + 220245
75%
1 + 244245
75%
55 + 191246
75%
7 + 242249
75%
21 + 229250
75%
74 + 176250
75%
18 + 237255
75%
3 + 254257
75%
2 + 2426
75%
19 + 244263
75%
14 + 249263
75%
1 + 263264
75%
54 + 218272
75%
20 + 254274
75%
3 + 271274
75%
18 + 256274
75%
8 + 266274
75%
68 + 209277
75%
56 + 222278
75%
9 + 269278
75%
11 + 277288
75%
7 + 287294
75%
13 + 282295
75%
16 + 280296
75%
98 + 200298
75%
23 + 277300
75%
1 + 299300
75%
1 + 307308
75%
13 + 297310
75%
23 + 289312
75%
9 + 305314
75%
120 + 201321
75%
44 + 277321
75%
58 + 265323
75%
129 + 194323
75%
81 + 244325
75%
116 + 211327
75%
39 + 288327
75%
46 + 294340
75%
75 + 270345
75%
80 + 266346
75%
25 + 325350
75%
27 + 327354
75%
149 + 206355
75%
3 + 354357
75%
14 + 345359
75%
39 + 320359
75%
153 + 208361
75%
48 + 317365
75%
58 + 307365
75%
55 + 310365
75%
4 + 362366
75%
9 + 359368
75%
16 + 353369
75%
74 + 295369
75%
61 + 309370
75%
13 + 360373
75%
26 + 350376
75%
91 + 286377
75%
16 + 370386
75%
151 + 236387
75%
8 + 379387
75%
17 + 372389
75%
186 + 204390
75%
68 + 324392
75%
155 + 241396
75%
64 + 341405
75%
37 + 369406
75%
14 + 394408
75%
144 + 265409
75%
16 + 2541
75%
134 + 277411
75%
81 + 330411
75%
78 + 334412
75%
18 + 397415
75%
19 + 402421
75%
164 + 267431
75%
47 + 384431
75%
39 + 392431
75%
161 + 271432
75%
1 + 432433
75%
41 + 394435
75%
54 + 382436
75%
25 + 412437
75%
54 + 387441
75%
59 + 389448
75%
31 + 422453
75%
7 + 451458
75%
112 + 347459
75%
6 + 477483
75%
14 + 469483
75%
49 + 435484
75%
72 + 412484
75%
123 + 362485
75%
9 + 477486
75%
235 + 252487
75%
8 + 479487
75%
25 + 463488
75%
147 + 342489
75%
92 + 397489
75%
108 + 382490
75%
236 + 260496
75%
5 + 491496
75%
182 + 317499
75%
29 + 472501
75%
14 + 488502
75%
74 + 432506
75%
93 + 414507
75%
141 + 368509
75%
16 + 3551
75%
28 + 482510
75%
26 + 486512
75%
214 + 298512
75%
29 + 488517
75%
87 + 431518
75%
4 + 515519
75%
58 + 463521
75%
218 + 303521
75%
77 + 444521
75%
199 + 322521
75%
9 + 518527
75%
82 + 445527
75%
83 + 447530
75%
67 + 469536
75%
15 + 523538
75%
39 + 507546
75%
11 + 537548
75%
17 + 3855
75%
139 + 412551
75%
19 + 533552
75%
8 + 548556
75%
122 + 435557
75%
19 + 541560
75%
17 + 546563
75%
183 + 380563
75%
36 + 529565
75%
10 + 556566
75%
97 + 472569
75%
6 + 5157
75%
232 + 339571
75%
33 + 538571
75%
13 + 563576
75%
38 + 543581
75%
222 + 359581
75%
26 + 555581
75%
92 + 489581
75%
15 + 567582
75%
231 + 355586
75%
234 + 353587
75%
6 + 584590
75%
13 + 578591
75%
77 + 515592
75%
27 + 569596
75%
29 + 567596
75%
28 + 569597
75%
28 + 570598
75%
90 + 509599
75%
1 + 5960
75%
5 + 6267
75%
1 + 6970
75%
27 + 4572
75%
2 + 8991
75%
38 + 5694
75%
5 + 9398
75%
126 + 346472
73%
16 + 187203
71%
14 + 202216
71%
17 + 205222
71%
91 + 136227
71%
89 + 141230
71%
67 + 216283
71%
9 + 275284
71%
72 + 321393
71%
4 + 403407
71%
147 + 269416
71%
42 + 381423
71%
122 + 301423
71%
49 + 385434
71%
48 + 392440
71%
13 + 436449
71%
48 + 436484
71%
98 + 431529
71%
31 + 514545
71%
2 + 549551
71%
86 + 494580
71%
1 + 596597
71%
27 + 4976
71%
15 + 8196
71%
103 + 221324
70%
175 + 333508
70%
35 + 68103
67%
39 + 67106
67%
53 + 60113
67%
26 + 88114
67%
13 + 103116
67%
5 + 114119
67%
29 + 91120
67%
8 + 113121
67%
8 + 123131
67%
49 + 83132
67%
49 + 86135
67%
22 + 115137
67%
11 + 128139
67%
17 + 122139
67%
3 + 141144
67%
12 + 134146
67%
57 + 95152
67%
4 + 153157
67%
14 + 143157
67%
23 + 134157
67%
14 + 148162
67%
66 + 97163
67%
22 + 142164
67%
56 + 110166
67%
37 + 137174
67%
86 + 95181
67%
27 + 156183
67%
62 + 123185
67%
5 + 181186
67%
50 + 137187
67%
17 + 174191
67%
9 + 182191
67%
35 + 156191
67%
37 + 159196
67%
41 + 157198
67%
44 + 156200
67%
21 + 183204
67%
57 + 149206
67%
2 + 205207
67%
2 + 206208
67%
49 + 159208
67%
43 + 168211
67%
5 + 213218
67%
94 + 126220
67%
12 + 211223
67%
32 + 192224
67%
16 + 217233
67%
54 + 180234
67%
5 + 232237
67%
7 + 231238
67%
32 + 209241
67%
7 + 239246
67%
39 + 213252
67%
61 + 192253
67%
37 + 218255
67%
86 + 172258
67%
1 + 260261
67%
9 + 253262
67%
49 + 214263
67%
22 + 243265
67%
47 + 220267
67%
34 + 238272
67%
48 + 228276
67%
38 + 239277
67%
30 + 247277
67%
71 + 207278
67%
99 + 183282
67%
5 + 277282
67%
7 + 278285
67%
2 + 286288
67%
136 + 155291
67%
28 + 266294
67%
104 + 192296
67%
67 + 231298
67%
43 + 255298
67%
35 + 265300
67%
3 + 297300
67%
22 + 278300
67%
7 + 294301
67%
149 + 152301
67%
117 + 186303
67%
42 + 268310
67%
70 + 243313
67%
78 + 244322
67%
124 + 199323
67%
158 + 167325
67%
32 + 293325
67%
62 + 263325
67%
44 + 281325
67%
56 + 273329
67%
65 + 264329
67%
19 + 314333
67%
36 + 297333
67%
7 + 328335
67%
26 + 309335
67%
137 + 199336
67%
26 + 311337
67%
58 + 281339
67%
5 + 340345
67%
19 + 327346
67%
43 + 304347
67%
57 + 294351
67%
37 + 315352
67%
55 + 298353
67%
160 + 193353
67%
65 + 289354
67%
91 + 264355
67%
68 + 288356
67%
26 + 332358
67%
12 + 347359
67%
65 + 295360
67%
46 + 315361
67%
17 + 345362
67%
119 + 243362
67%
71 + 294365
67%
70 + 295365
67%
135 + 239374
67%
19 + 356375
67%
23 + 353376
67%
32 + 345377
67%
77 + 302379
67%
9 + 372381
67%
114 + 269383
67%
29 + 354383
67%
22 + 361383
67%
27 + 359386
67%
50 + 338388
67%
99 + 290389
67%
18 + 372390
67%
141 + 251392
67%
38 + 357395
67%
63 + 334397
67%
119 + 281400
67%
37 + 366403
67%
5 + 398403
67%
46 + 359405
67%
153 + 252405
67%
156 + 253409
67%
135 + 274409
67%
17 + 393410
67%
150 + 268418
67%
3 + 417420
67%
82 + 338420
67%
95 + 327422
67%
118 + 305423
67%
14 + 409423
67%
52 + 372424
67%
24 + 401425
67%
28 + 399427
67%
23 + 404427
67%
19 + 2443
67%
21 + 409430
67%
198 + 233431
67%
44 + 389433
67%
91 + 343434
67%
87 + 349436
67%
163 + 273436
67%
123 + 315438
67%
19 + 419438
67%
17 + 422439
67%
18 + 422440
67%
20 + 421441
67%
39 + 406445
67%
113 + 333446
67%
5 + 441446
67%
56 + 391447
67%
69 + 379448
67%
2 + 449451
67%
45 + 409454
67%
23 + 432455
67%
6 + 452458
67%
59 + 400459
67%
93 + 368461
67%
43 + 419462
67%
185 + 279464
67%
32 + 432464
67%
132 + 332464
67%
169 + 295464
67%
82 + 384466
67%
43 + 426469
67%
142 + 327469
67%
38 + 431469
67%
113 + 358471
67%
228 + 243471
67%
12 + 459471
67%
186 + 286472
67%
39 + 433472
67%
196 + 280476
67%
94 + 383477
67%
40 + 439479
67%
2 + 479481
67%
58 + 426484
67%
162 + 323485
67%
89 + 397486
67%
15 + 472487
67%
200 + 290490
67%
2 + 488490
67%
118 + 378496
67%
96 + 407503
67%
48 + 458506
67%
172 + 337509
67%
147 + 363510
67%
6 + 505511
67%
86 + 427513
67%
12 + 507519
67%
250 + 270520
67%
71 + 452523
67%
213 + 310523
67%
42 + 483525
67%
242 + 284526
67%
22 + 3153
67%
34 + 496530
67%
17 + 514531
67%
154 + 378532
67%
37 + 495532
67%
39 + 494533
67%
139 + 394533
67%
60 + 477537
67%
5 + 535540
67%
74 + 467541
67%
9 + 534543
67%
124 + 420544
67%
57 + 488545
67%
18 + 529547
67%
51 + 498549
67%
95 + 455550
67%
177 + 376553
67%
113 + 441554
67%
256 + 300556
67%
61 + 497558
67%
12 + 547559
67%
18 + 3856
67%
89 + 475564
67%
255 + 309564
67%
192 + 373565
67%
226 + 341567
67%
154 + 414568
67%
161 + 410571
67%
49 + 522571
67%
28 + 544572
67%
18 + 555573
67%
28 + 545573
67%
1 + 573574
67%
51 + 523574
67%
80 + 494574
67%
12 + 563575
67%
164 + 413577
67%
96 + 482578
67%
5 + 573578
67%
29 + 549578
67%
105 + 474579
67%
259 + 324583
67%
250 + 335585
67%
14 + 571585
67%
12 + 577589
67%
9 + 580589
67%
30 + 559589
67%
96 + 495591
67%
10 + 582592
67%
74 + 518592
67%
119 + 473592
67%
154 + 439593
67%
58 + 536594
67%
126 + 472598
67%
4 + 594598
67%
44 + 554598
67%
25 + 3863
67%
5 + 5964
67%
20 + 7696
67%
19 + 7998
67%
38 + 205243
63%
137 + 373510
63%
69 + 496565
63%
115 + 469584
63%
6 + 108114
60%
2 + 121123
60%
48 + 107155
60%
76 + 95171
60%
13 + 172185
60%
17 + 179196
60%
65 + 141206
60%
18 + 191209
60%
4 + 211215
60%
17 + 200217
60%
95 + 123218
60%
3 + 225228
60%
82 + 160242
60%
48 + 195243
60%
12 + 237249
60%
44 + 227271
60%
28 + 251279
60%
26 + 258284
60%
20 + 271291
60%
111 + 181292
60%
90 + 223313
60%
59 + 256315
60%
143 + 189332
60%
91 + 248339
60%
149 + 191340
60%
68 + 281349
60%
167 + 192359
60%
39 + 323362
60%
82 + 283365
60%
4 + 371375
60%
4 + 386390
60%
16 + 388404
60%
73 + 339412
60%
120 + 292412
60%
9 + 424433
60%
71 + 363434
60%
155 + 288443
60%
86 + 369455
60%
18 + 441459
60%
119 + 342461
60%
4 + 464468
60%
84 + 386470
60%
88 + 388476
60%
19 + 476495
60%
111 + 394505
60%
35 + 480515
60%
165 + 360525
60%
64 + 466530
60%
79 + 456535
60%
58 + 478536
60%
257 + 292549
60%
79 + 472551
60%
93 + 462555
60%
115 + 441556
60%
38 + 521559
60%
168 + 402570
60%
261 + 322583
60%
65 + 518583
60%
66 + 531597
60%
11 + 5768
60%
34 + 4175
60%
9 + 164173
57%
11 + 187198
57%
124 + 153277
57%
41 + 277318
57%
6 + 329335
57%
117 + 328445
57%
80 + 471551
57%
194 + 380574
57%
208 + 375583
57%
18 + 84102
50%
35 + 72107
50%
26 + 87113
50%
2 + 119121
50%
14 + 108122
50%
22 + 102124
50%
3 + 123126
50%
5 + 138143
50%
37 + 106143
50%
1 + 147148
50%
34 + 117151
50%
17 + 146163
50%
25 + 139164
50%
39 + 132171
50%
6 + 165171
50%
59 + 114173
50%
20 + 155175
50%
26 + 153179
50%
29 + 155184
50%
36 + 149185
50%
43 + 144187
50%
3 + 185188
50%
52 + 136188
50%
72 + 121193
50%
48 + 145193
50%
7 + 189196
50%
8 + 188196
50%
9 + 188197
50%
57 + 142199
50%
3 + 196199
50%
19 + 183202
50%
77 + 126203
50%
3 + 207210
50%
1 + 209210
50%
81 + 131212
50%
74 + 140214
50%
39 + 179218
50%
81 + 141222
50%
44 + 179223
50%
16 + 215231
50%
36 + 195231
50%
91 + 143234
50%
117 + 117234
50%
25 + 211236
50%
109 + 129238
50%
11 + 232243
50%
90 + 159249
50%
40 + 216256
50%
27 + 229256
50%
42 + 217259
50%
13 + 247260
50%
36 + 227263
50%
16 + 249265
50%
105 + 168273
50%
24 + 249273
50%
1 + 278279
50%
5 + 2328
50%
45 + 239284
50%
18 + 267285
50%
3 + 285288
50%
98 + 192290
50%
18 + 273291
50%
15 + 280295
50%
12 + 289301
50%
23 + 281304
50%
25 + 280305
50%
131 + 174305
50%
32 + 274306
50%
127 + 179306
50%
4 + 306310
50%
43 + 269312
50%
119 + 193312
50%
77 + 236313
50%
36 + 281317
50%
13 + 1932
50%
49 + 272321
50%
48 + 275323
50%
8 + 324332
50%
47 + 289336
50%
22 + 314336
50%
79 + 258337
50%
15 + 322337
50%
73 + 265338
50%
56 + 285341
50%
18 + 327345
50%
95 + 253348
50%
10 + 2535
50%
19 + 331350
50%
166 + 186352
50%
9 + 346355
50%
38 + 317355
50%
32 + 328360
50%
67 + 299366
50%
25 + 343368
50%
2 + 3537
50%
176 + 195371
50%
19 + 352371
50%
24 + 349373
50%
89 + 288377
50%
17 + 361378
50%
173 + 206379
50%
36 + 345381
50%
76 + 306382
50%
39 + 343382
50%
86 + 297383
50%
14 + 374388
50%
9 + 379388
50%
136 + 255391
50%
4 + 388392
50%
133 + 260393
50%
15 + 378393
50%
2 + 392394
50%
26 + 372398
50%
43 + 355398
50%
21 + 379400
50%
32 + 369401
50%
145 + 258403
50%
165 + 258423
50%
98 + 326424
50%
176 + 253429
50%
17 + 412429
50%
23 + 415438
50%
12 + 431443
50%
7 + 437444
50%
166 + 278444
50%
100 + 344444
50%
163 + 283446
50%
7 + 439446
50%
81 + 368449
50%
121 + 328449
50%
7 + 444451
50%
66 + 386452
50%
26 + 427453
50%
30 + 423453
50%
17 + 437454
50%
24 + 434458
50%
62 + 396458
50%
76 + 385461
50%
68 + 394462
50%
65 + 398463
50%
19 + 448467
50%
137 + 335472
50%
22 + 452474
50%
156 + 318474
50%
17 + 458475
50%
91 + 385476
50%
110 + 368478
50%
35 + 447482
50%
204 + 278482
50%
104 + 379483
50%
97 + 387484
50%
7 + 483490
50%
99 + 393492
50%
6 + 4450
50%
237 + 264501
50%
63 + 439502
50%
148 + 355503
50%
85 + 418503
50%
116 + 389505
50%
56 + 451507
50%
249 + 258507
50%
235 + 273508
50%
61 + 447508
50%
78 + 433511
50%
23 + 488511
50%
152 + 362514
50%
235 + 279514
50%
5 + 509514
50%
176 + 339515
50%
150 + 366516
50%
53 + 466519
50%
5 + 516521
50%
24 + 499523
50%
133 + 391524
50%
195 + 331526
50%
16 + 512528
50%
43 + 486529
50%
84 + 449533
50%
158 + 376534
50%
35 + 499534
50%
81 + 454535
50%
68 + 468536
50%
52 + 484536
50%
7 + 530537
50%
98 + 442540
50%
48 + 493541
50%
84 + 457541
50%
127 + 415542
50%
13 + 531544
50%
67 + 477544
50%
56 + 488544
50%
21 + 524545
50%
123 + 423546
50%
34 + 512546
50%
42 + 509551
50%
178 + 374552
50%
119 + 434553
50%
82 + 472554
50%
67 + 489556
50%
132 + 424556
50%
228 + 330558
50%
46 + 512558
50%
81 + 478559
50%
73 + 487560
50%
69 + 493562
50%
38 + 525563
50%
154 + 410564
50%
5 + 561566
50%
22 + 545567
50%
184 + 383567
50%
9 + 558567
50%
34 + 535569
50%
94 + 478572
50%
69 + 514583
50%
85 + 498583
50%
95 + 494589
50%
19 + 570589
50%
129 + 462591
50%
29 + 4978
50%
41 + 5394
50%
21 + 7798
50%
167 + 352519
43%
83 + 469552
43%
42 + 183225
40%
87 + 238325
40%
68 + 268336
40%
53 + 289342
40%
25 + 368393
40%
15 + 383398
40%
37 + 385422
40%
168 + 257425
40%
72 + 370442
40%
15 + 458473
40%
197 + 280477
40%
90 + 392482
40%
26 + 471497
40%
164 + 349513
40%
3 + 517520
40%
58 + 491549
40%
98 + 479577
40%
140 + 392532
38%
23 + 84107
33%
33 + 82115
33%
3 + 1114
33%
27 + 118145
33%
70 + 107177
33%
64 + 171235
33%
26 + 222248
33%
108 + 142250
33%
47 + 204251
33%
45 + 216261
33%
53 + 239292
33%
69 + 234303
33%
121 + 191312
33%
18 + 318336
33%
79 + 272351
33%
192 + 223415
33%
50 + 365415
33%
78 + 357435
33%
11 + 428439
33%
197 + 244441
33%
163 + 298461
33%
1 + 465466
33%
95 + 378473
33%
187 + 289476
33%
24 + 463487
33%
209 + 296505
33%
47 + 464511
33%
181 + 341522
33%
173 + 359532
33%
117 + 438555
33%
6 + 568574
33%
169 + 417586
33%
188 + 364552
29%
41 + 78119
25%
92 + 249341
25%
88 + 284372
25%
97 + 307404
25%
168 + 246414
25%
53 + 429482
25%
10 + 482492
25%
156 + 348504
25%
36 + 541577
25%
134 + 394528
20%
39 + 74113
0%
44 + 73117
0%
17 + 114131
0%
43 + 88131
0%
8 + 145153
0%
29 + 126155
0%
21 + 152173
0%
25 + 150175
0%
43 + 136179
0%
58 + 123181
0%
42 + 141183
0%
12 + 177189
0%
93 + 98191
0%
54 + 145199
0%
73 + 138211
0%
64 + 148212
0%
67 + 148215
0%
38 + 179217
0%
16 + 201217
0%
2 + 216218
0%
29 + 190219
0%
3 + 218221
0%
72 + 154226
0%
74 + 154228
0%
57 + 177234
0%
111 + 124235
0%
6 + 229235
0%
99 + 136235
0%
51 + 186237
0%
4 + 234238
0%
53 + 186239
0%
19 + 221240
0%
59 + 182241
0%
6 + 240246
0%
84 + 162246
0%
9 + 242251
0%
73 + 186259
0%
79 + 181260
0%
6 + 257263
0%
106 + 174280
0%
3 + 281284
0%
15 + 274289
0%
13 + 283296
0%
79 + 224303
0%
150 + 155305
0%
9 + 297306
0%
82 + 232314
0%
22 + 292314
0%
9 + 308317
0%
123 + 196319
0%
43 + 281324
0%
27 + 298325
0%
140 + 190330
0%
29 + 305334
0%
2 + 338340
0%
142 + 198340
0%
72 + 270342
0%
17 + 326343
0%
100 + 246346
0%
35 + 312347
0%
2 + 345347
0%
90 + 259349
0%
170 + 182352
0%
66 + 291357
0%
131 + 229360
0%
36 + 326362
0%
35 + 334369
0%
52 + 326378
0%
45 + 338383
0%
7 + 376383
0%
60 + 324384
0%
33 + 353386
0%
68 + 321389
0%
45 + 348393
0%
57 + 341398
0%
1 + 397398
0%
2 + 24
0%
72 + 328400
0%
24 + 378402
0%
2 + 402404
0%
10 + 396406
0%
139 + 268407
0%
35 + 372407
0%
116 + 294410
0%
177 + 239416
0%
128 + 289417
0%
52 + 366418
0%
65 + 354419
0%
165 + 255420
0%
46 + 376422
0%
93 + 332425
0%
1 + 428429
0%
13 + 418431
0%
99 + 333432
0%
146 + 295441
0%
49 + 395444
0%
18 + 433451
0%
130 + 322452
0%
63 + 395458
0%
10 + 449459
0%
15 + 3146
0%
216 + 249465
0%
154 + 312466
0%
179 + 289468
0%
107 + 363470
0%
8 + 464472
0%
55 + 419474
0%
10 + 467477
0%
33 + 446479
0%
5 + 4348
0%
68 + 416484
0%
18 + 467485
0%
132 + 361493
0%
28 + 467495
0%
59 + 439498
0%
238 + 260498
0%
58 + 440498
0%
4 + 496500
0%
46 + 455501
0%
29 + 474503
0%
76 + 427503
0%
24 + 482506
0%
9 + 498507
0%
11 + 502513
0%
89 + 424513
0%
61 + 461522
0%
35 + 490525
0%
49 + 479528
0%
99 + 432531
0%
59 + 472531
0%
9 + 525534
0%
182 + 354536
0%
38 + 499537
0%
60 + 478538
0%
196 + 343539
0%
49 + 493542
0%
22 + 521543
0%
89 + 454543
0%
189 + 356545
0%
226 + 319545
0%
8 + 537545
0%
88 + 457545
0%
191 + 354545
0%
2 + 5355
0%
37 + 516553
0%
1 + 553554
0%
75 + 485560
0%
146 + 415561
0%
147 + 418565
0%
67 + 499566
0%
14 + 560574
0%
86 + 489575
0%
8 + 574582
0%
52 + 532584
0%
2 + 582584
0%
189 + 399588
0%
17 + 573590
0%
4 + 587591
0%
18 + 573591
0%
54 + 539593
0%
7 + 586593
0%
54 + 540594
0%
15 + 583598
0%
23 + 575598
0%
15 + 4762
0%
4 + 7074
0%
24 + 5175
0%
14 + 7286
0%
29 + 6796
0%

Rozkład punktacji

Percentyl według liczby udzielonych odpowiedzi

Procent ludzi z każdym wynikiem

Twoja historia wyników

Nie rozwiązałeś tego quizu